| RUSMARC |
| 000 | | | 06725nmc2a2200000 x 450 | | 001 | | | 23ea0c31-c2b3-4f94-b5b5-7efb4deec95f | | 005 | | | 20160315180407.0 | | 100 | ## | $a | 20150917l18271827k l0rusy0189 ca | | 101 | 0# | $a | rus | | 102 | ## | $a | RU | | 200 | 1# | $a | Бумаги, принятые к сведению | | | $j | 17 января - 8 февраля 1827 г. | | 251 | ## | $c | Дело | | 300 | ## | $a | Дело | | 801 | #0 | $a | RU | | | $b | РГИА | | | $c | 20150917 | | | $g | RCR | | 801 | #1 | $a | RU | | | $b | ГлавНИВЦ | | | $c | 20150917 | | | $2 | rusmarc | | 801 | #2 | $a | RU | | | $b | ПБ им. Б.Н. Ельцина | | | $c | 20160315 | | | $g | RCR | | | $2 | rusmarc | | 850 | ## | $a | РГИА | | 852 | ## | $a | РГИА | | | $e | Федеральное казенное учреждение "Российский государственный исторический архив" (РГИА) | | | $j | 102 | | 937 | ## | $h | РГИА | | | $d | 12154863 | | | $a | ASBIBLIO_SCAN | | 462 | #0 | $1 | 0017fd3927d-4299-432a-b013-26f3e840c420 | | | $1 | 2001 | | | $a | 1826-1829 гг. Дела Департамента полиции исполнительной МВД за 1827 г. | | | $1 | 251 | | | $c | Опись | | | $1 | 852 | | | $j | 4 | | 461 | #0 | $1 | 0013e300ed0-cd39-49af-8489-5ba5b90fa401 | | | $1 | 2001 | | | $a | Департамент полиции исполнительной МВД | | | $1 | 251 | | | $c | Фонд | | | $1 | 852 | | | $j | 1286 | | 215 | ## | $a | 96 л. | | | $d | 36,5х26 см | | 371 | ## | $a | Документ не является опубликованным и широко распространяемым | | 105 | ## | $a | y### | | 122 | 2# | $a | d | | 330 | ## | $a | О чинах московской полиции и жандармском дивизионе; об определении в Омскую казенную экспедицию асессора; о произведении в 8-й класс чиновника особых поручений при Новороссийском генерал-губернаторе Коматаева; о предписании Псковскому гражданскому губернатору Адеркасу сдать занимаемую им должность и отправиться к месту его назначения; о заседании членов Комитета министров по пятницам; о продаже из ведерного подвала в воскресные и табельные дни; о числе людей, записавшихся в московскую контору адресов; о назначении титулярного советника Елушнова правителем канцелярии генерал-губернатора Хованского; о праве министров удовлетворять просителей в некоторых случаях без доклада его величеству; о не назначении пенсионов менее ста рублей; о праве носить мундир уволенным из военной службы и вступившим в гражданскую службу чиновникам; об отношении и обязанностях товарищей министров; об открытии действий комитета призрения заслуженных гражданских чиновников и о правилах, им составленных; о числе людей, записавшихся в московскую контору адресов; о циркулярных предписаниях; о числе людей, записавшихся в московскую контору адресов; о родившихся, умерших и браком сочетавшихся магометанах Таврической губернии; об отпуске денег в пособие здешнему дому трудолюбия; о чинах московской полиции и жандармском дивизионе; о числе людей, записавшихся в московскую контору адресов; об отпуске товарища министра внутренних дел; об объявлении товарищу министра внутренних дел высочайших повелений, получаемых министерством; о числе людей, записавшихся в московскую контору адресов; о прибавочном жалованье титулярному советнику Шишкову; о делаемых представлениях министров в Государственный совет; о записках, вносимых министрами в Государственный совет; о числе людей, записавшихся в московскую контору адресов; о прибавке жалованья Курскому гражданскому губернатору; о планах и фасадах; о внесении копии с указов правительственных мест в Комитет министров; о сообщении высочайших повелений начальнику Главного штаба его императорского величества, Комитету, учрежденному 14 августа 1814 года; о числе людей, записавшихся в московскую контору адресов; о назначении стряпчего для следственных дел в Москве; о заседателях старобельского земского суда по корчемной части; о числе людей, записавшихся в московскую контору адресов; о состоянии чинов в штате московской полиции, жандармском дивизионе; о разрешении главноначальствующим лицам препровождаемых к ним по высочайшему повелению прошений, не обращая оных в комиссию; о числе людей, записавшихся в московскую контору адресов; о высочайшем повелении, чтобы Азиатский комитет считать постоянным; о числе людей, записавшихся в московскую контору адресов; об увольнении председателя Старорусской думы коллежского советника Марковинкова и военного полицмейстера 8 класса Ракова от службы; о награждении чином коллежского советника Литгенса и титулярного советника Делакраб; о числе людей, записавшихся в московскую контору адресов; о таганрогских купцах и иностранцах, желающих вступить в подданство России; о пожаловании санкт-петербургским полицмейстером полковника Подобедова; о шляхтичах, не представляющих достаточных об их шляхетстве доказательств | | 035 | ## | $a | 23ea0c31-c2b3-4f94-b5b5-7efb4deec95f |
|